Welcome to CU Library Online Public Access Catalogue (OPAC)

Maternal-neonatal nursing / (Record no. 4144)

MARC details
000 -LEADER
fixed length control field 00675cam a2200229 a 4500
001 - CONTROL NUMBER
control field 4416410
005 - DATE AND TIME OF LATEST TRANSACTION
control field 20250222153023.0
008 - FIXED-LENGTH DATA ELEMENTS--GENERAL INFORMATION
fixed length control field 930910s1994 paua b 001 0 eng
020 ## - INTERNATIONAL STANDARD BOOK NUMBER
International Standard Book Number 0874345766
050 00 - LIBRARY OF CONGRESS CALL NUMBER
Classification number RG951
Item number .M24 1994
082 00 - DEWEY DECIMAL CLASSIFICATION NUMBER
Classification number 610.73/678
Edition information 20
100 1# - MAIN ENTRY--PERSONAL NAME
Personal name MacLaren, Aileen.
245 10 - TITLE STATEMENT
Title Maternal-neonatal nursing /
Statement of responsibility, etc. Aileen MacLaren.
260 ## - PUBLICATION, DISTRIBUTION, ETC.
Place of publication, distribution, etc. Springhouse, Pa. :
Name of publisher, distributor, etc. Springhouse Corporation,
Date of publication, distribution, etc. c1994.
300 ## - PHYSICAL DESCRIPTION
Extent vii, 392 p. :
Other physical details ill. ;
Dimensions 26 cm.
440 #0 - SERIES STATEMENT/ADDED ENTRY--TITLE
Title Concepts and activities
650 #0 - SUBJECT ADDED ENTRY--TOPICAL TERM
Topical term or geographic name entry element Maternity nursing.
650 #0 - SUBJECT ADDED ENTRY--TOPICAL TERM
Topical term or geographic name entry element Newborn infants
General subdivision Care.
650 #2 - SUBJECT ADDED ENTRY--TOPICAL TERM
Topical term or geographic name entry element Maternal-Child Nursing.
650 #2 - SUBJECT ADDED ENTRY--TOPICAL TERM
Topical term or geographic name entry element Obstetrical Nursing.
942 ## - ADDED ENTRY ELEMENTS (KOHA)
Source of classification or shelving scheme Library of Congress Classification
Koha item type Books
Suppress in OPAC No
999 ## -
-- 4144
-- 4144
Holdings
Withdrawn status Lost status Source of classification or shelving scheme Damaged status Not for loan Collection Home library Current library Shelving location Date acquired Total checkouts Full call number Barcode Date last seen Copy number Price effective from Koha item type
    Library of Congress Classification     Non-fiction Science Library (Miotso) Science Library (Miotso) General stacks 02/22/2025   RG951 .M24 MAC SLM00003687 02/22/2025 1 02/22/2025 Books
© 2023-2024 Copyright: Central University Libraries. All Rights Reserved | Created by: Mahone Tech Office